<?xml version="1.0" encoding="UTF-8"?>
<collection xmlns="http://www.loc.gov/MARC21/slim">
  <record>
    <leader>00000nam  2200000   4500</leader>
    <controlfield tag="001">000177</controlfield>
    <datafield tag="020" ind1=" " ind2=" ">
      <subfield code="9">786025790560</subfield>
    </datafield>
    <datafield tag="082" ind1=" " ind2=" ">
      <subfield code="6">50.100</subfield>
    </datafield>
    <datafield tag="100" ind1=" " ind2=" ">
      <subfield code="S">ri Lestari</subfield>
    </datafield>
    <datafield tag="245" ind1=" " ind2=" ">
      <subfield code="K">iat membangun Bank Sampah dan cara pengelolaannya</subfield>
    </datafield>
    <datafield tag="250" ind1=" " ind2=" ">
      <subfield code="C">etakan Pertama</subfield>
    </datafield>
    <datafield tag="264" ind1=" " ind2=" ">
      <subfield code="Y">ogyakarta: Hijaz Pustaka Mandiri 2024</subfield>
    </datafield>
    <datafield tag="300" ind1=" " ind2=" ">
      <subfield code="v">i, 116 halaman; 20 cm.</subfield>
    </datafield>
    <datafield tag="650" ind1=" " ind2=" ">
      <subfield code="M">anajemen</subfield>
    </datafield>
    <datafield tag="905" ind1=" " ind2=" ">
      <subfield code="6">50.1 SRI k</subfield>
    </datafield>
    <datafield tag="336" ind1=" " ind2=" ">
      <subfield code="a"/>
    </datafield>
    <datafield tag="337" ind1=" " ind2=" ">
      <subfield code="a"/>
    </datafield>
    <datafield tag="338" ind1=" " ind2=" ">
      <subfield code="a"/>
    </datafield>
    <controlfield tag="005">20260702151432.0</controlfield>
    <controlfield tag="008">260702s2026\\\\\\\\\\\\\\\\\\\\\\\\\\\\\\\\\\\\\\\\\</controlfield>
  </record>
</collection>
